Oxford Dictionaries Top 1000 English Words - 81 Start with A - Statistics

General Stats
  • This quiz has been taken 8,868 times
    8,851 since last reset
  • The average score is 29 of 81
Answer Stats
A % Correct
A
100%
As
92%
All
89%
And
89%
At
89%
Add
74%
After
69%
About
66%
Art
66%
Act
65%
Ask
63%
Any
61%
Able
57%
Age
57%
Also
56%
Again
52%
Aim
49%
Arm
49%
Air
47%
Answer
46%
Allow
45%
Always
44%
Above
41%
Action
40%
Around
40%
Away
40%
Ago
39%
Agree
38%
Anyone
37%
Apply
37%
Account
35%
Another
35%
Address
32%
Against
32%
Among
32%
Almost
31%
Alone
31%
Amount
31%
Anything
31%
Appear
31%
Artist
31%
Ability
30%
Along
30%
Arrive
30%
Attend
30%
Accept
29%
Although
28%
Argue
28%
Attack
28%
Affect
27%
Animal
27%
Area
27%
Access
26%
Attention
26%
Application
25%
Actually
24%
Assume
24%
Across
23%
Admit
22%
Agreement
22%
Avoid
22%
Achieve
21%
Average
21%
Activity
20%
Already
19%
Appeal
19%
Author
19%
Award
19%
Argument
18%
Attempt
18%
Available
18%
Adult
17%
Announce
14%
Article
14%
Administration
13%
Authority
13%
Approach
11%
Audience
10%
Album
9%
Associate
9%
Analysis
6%
No matching quizzes found
Score Distribution
Percent of People with Each Score
Percentile by Number Answered
Your Score History
You have not taken this quiz since the last reset